000
00254nam a22001097a 4500
005
20230609111557.0
008
230603b |||||||| |||| 00| 0 eng d
022
_a
9770972517004
245
_a
EFFECTIVE EXECUTIVE
650
_a
MANAGEMENT
_9
7859
942
_c
JRL
999
_c
8318
_d
8316